Cấu hình xã hội cộng đồng Công giáo Bắc di cư tại Nam bộ : Từ kích thước cộng đồng đến kích thước cá nhân
Sách phân tích và xâu chuỗi các hiện tượng xã hội nhằm củng cố thêm một số vấn đề lý thuyết trong nghiên cứu về cộng đồng xã hội.
محفوظ في:
| المؤلف الرئيسي: | |
|---|---|
| التنسيق: | كتاب |
| اللغة: | Undetermined |
| منشور في: |
Thành phố Hồ Chí Minh
Đại học Quốc gia Thành phố Hồ Chí Minh
2013
|
| الموضوعات: | |
| الوسوم: |
إضافة وسم
لا توجد وسوم, كن أول من يضع وسما على هذه التسجيلة!
|
| Thư viện lưu trữ: | Trung tâm Học liệu Trường Đại học Cần Thơ |
|---|
| LEADER | 01213nam a2200253Ia 4500 | ||
|---|---|---|---|
| 001 | CTU_237554 | ||
| 008 | 210402s9999 xx 000 0 und d | ||
| 020 | |c 50000 | ||
| 082 | |a 307.72 | ||
| 082 | |b L451 | ||
| 100 | |a Nguyễn, Đức Lộc | ||
| 245 | 0 | |a Cấu hình xã hội cộng đồng Công giáo Bắc di cư tại Nam bộ : | |
| 245 | 0 | |b Từ kích thước cộng đồng đến kích thước cá nhân | |
| 245 | 0 | |c Nguyễn Đức Lộc | |
| 260 | |a Thành phố Hồ Chí Minh | ||
| 260 | |b Đại học Quốc gia Thành phố Hồ Chí Minh | ||
| 260 | |c 2013 | ||
| 520 | |a Sách phân tích và xâu chuỗi các hiện tượng xã hội nhằm củng cố thêm một số vấn đề lý thuyết trong nghiên cứu về cộng đồng xã hội. | ||
| 526 | |a Phát triển cộng đồng,Xã hội học nông thôn | ||
| 526 | |b PD303,XN347 | ||
| 650 | |a Rural development,Phát triển nông thôn | ||
| 650 | |x Socioecological aspects,Khía cạnh xã hội học | ||
| 910 | |b vtbtruc | ||
| 980 | |a Trung tâm Học liệu Trường Đại học Cần Thơ | ||